000 00348nam a2200145Ia 4500
008 230711s9999||||xx |||||||||||||| ||und||
041 _aENG
082 _a620.11
_bKE-M
100 _aKempster,M.H.A
245 0 _aMaterials for engineers
250 _a1st
260 _c1974
_aNew Delhi
_bElbs Britain
650 _aMechanical Engineering
942 _cBK
999 _c926
_d926